[Event "World Blitz Championship (Women)"]
[Site "Riyadh KSA"]
[Date "2017.12.30"]
[EventDate "2017.12.29"]
[Round "16.33"]
[Result "1-0"]
[White "Shen Yang"]
[Black "Karina Ambartsumova"]
[WhiteElo "2465"]
[BlackElo "2359"]
[PlyCount "129"]

1. d4 g6 2. Nf3 Bg7 3. c4 d6 4. Nc3 e6 5. e4 Ne7 6. Be2 Nd7
7. O-O O-O 8. Be3 h6 9. Qd2 Kh7 10. d5 e5 11. Ne1 f5 12. f3 f4
13. Bf2 b6 14. Nd3 Nf6 15. b4 g5 16. c5 g4 17. Rfc1 Ng6
18. Nb5 Rf7 19. cxd6 cxd6 20. Rc6 Bf8 21. Rac1 h5 22. Nc7 Rb8
23. Ne6 Bxe6 24. dxe6 Rg7 25. Qc2 h4 26. fxg4 Nxe4 27. Bf3 Ng5
28. Ne1 Nxe6 29. Be4 Be7 30. Nf3 Ng5 31. Nxh4 Nxe4 32. Nxg6
Rxg6 33. Qxe4 Qd7 34. h3 Qe6 35. Rd1 Kg7 36. Rc7 a5 37. Bh4
Re8 38. Qc6 Kf8 39. Bxe7+ Rxe7 40. Qxb6 axb4 41. Rxe7 Qxe7
42. Qxb4 Qa7+ 43. Kh1 Qxa2 44. Rxd6 Rxd6 45. Qxd6+ Kf7
46. Qxe5 Qb1+ 47. Kh2 Qf1 48. Qe4 Kg7 49. Qf3 Qc4 50. h4 Kg6
51. Kh3 Qd4 52. g5 Qd7+ 53. Kh2 Qd4 54. Qg4 Qe3 55. h5+ Kg7
56. Qf3 Qe5 57. g6 Kh6 58. Kh3 Qg5 59. Qg4 Qe5 60. g7 Qxg7
61. Qxg7+ Kxg7 62. Kg4 Kh6 63. Kxf4 Kxh5 64. Kf5 Kh4 65. g4
1-0

[Event "World Blitz Championship (Women)"]
[Site "Riyadh KSA"]
[Date "2017.12.30"]
[EventDate "2017.12.29"]
[Round "17.29"]
[Result "0-1"]
[White "Olga Badelka"]
[Black "Shen Yang"]
[WhiteElo "2388"]
[BlackElo "2465"]
[PlyCount "80"]

1. d4 d5 2. c4 c6 3. Nf3 Nf6 4. e3 Bg4 5. Nc3 e6 6. h3 Bh5
7. g4 Bg6 8. Ne5 Nbd7 9. Nxg6 hxg6 10. Bd2 Qb6 11. cxd5 exd5
12. Bg2 Bd6 13. Qb3 Qc7 14. Rc1 Qb8 15. Qd1 Nb6 16. b3 Qd8
17. Qf3 Qe7 18. Kf1 O-O 19. h4 Rfe8 20. h5 g5 21. Qf5 Ne4
22. Nxe4 dxe4 23. Qa5 Nd5 24. Qa4 Qd7 25. Bh3 Re6 26. Qc4 Rf6
27. Qe2 Re8 28. Bg2 Bb4 29. Bxb4 Nxb4 30. Rd1 Nd3 31. Rxd3
exd3 32. Qxd3 Qxg4 33. Qd2 Qf5 34. Bh3 Qf3 35. Rg1 Qxh3+
36. Ke1 g4 37. Qb4 Qh2 38. Rf1 Qg2 39. Qxb7 Rxe3+ 40. fxe3
Rxf1# 0-1

[Event "World Blitz Championship (Women)"]
[Site "Riyadh KSA"]
[Date "2017.12.30"]
[EventDate "2017.12.29"]
[Round "18.19"]
[Result "1-0"]
[White "Natalia Zhukova"]
[Black "Shen Yang"]
[WhiteElo "2444"]
[BlackElo "2465"]
[PlyCount "63"]

1. c4 Nf6 2. Nc3 c6 3. d4 d5 4. Nf3 dxc4 5. a4 e6 6. e4 Bb4
7. e5 Nd5 8. Bd2 Bxc3 9. bxc3 b5 10. Ng5 g6 11. Qf3 Qe7
12. Ne4 Kd7 13. Bg5 Qf8 14. g3 Kc7 15. Bc1 a5 16. axb5 cxb5
17. Nd6 Bd7 18. Ba3 Qg7 19. Nxf7 Bc6 20. Ng5 Re8 21. Bd6+ Kb7
22. Ne4 Nd7 23. Bg2 g5 24. h3 h5 25. g4 hxg4 26. hxg4 Rh8
27. Kd2 Rhc8 28. Rhb1 Ka6 29. Ra2 Nf4 30. Bh1 Nb6 31. Nc5+ Ka7
32. Rxa5# 1-0

[Event "World Blitz Championship (Women)"]
[Site "Riyadh KSA"]
[Date "2017.12.30"]
[EventDate "2017.12.29"]
[Round "19.23"]
[Result "1-0"]
[White "Shen Yang"]
[Black "Inna Gaponenko"]
[WhiteElo "2465"]
[BlackElo "2435"]
[PlyCount "55"]

1. d4 d6 2. Nf3 g6 3. c4 Bg7 4. Nc3 Nf6 5. e4 O-O 6. Be2 e5
7. O-O Nc6 8. d5 Ne7 9. b4 Nh5 10. Re1 f5 11. Ng5 Nf6 12. f3
c6 13. Be3 cxd5 14. cxd5 h6 15. Ne6 Bxe6 16. dxe6 fxe4
17. fxe4 Rc8 18. Rc1 Kh7 19. Qb3 a6 20. Bf3 g5 21. Nd5 Ng6
22. Bb6 Rxc1 23. Bxd8 Rxe1+ 24. Kf2 Rc1 25. e7 Nxe4+ 26. Ke2
Nc3+ 27. Nxc3 Re8 28. Be4 1-0

[Event "World Blitz Championship (Women)"]
[Site "Riyadh KSA"]
[Date "2017.12.30"]
[EventDate "2017.12.29"]
[Round "20.19"]
[Result "0-1"]
[White "Deysi Estela Cori Tello"]
[Black "Shen Yang"]
[WhiteElo "2389"]
[BlackElo "2465"]
[PlyCount "102"]

1. d4 d5 2. Nf3 Nf6 3. c4 c6 4. Nc3 dxc4 5. a4 e6 6. e3 c5
7. Bxc4 Nc6 8. O-O cxd4 9. exd4 Be7 10. Bg5 O-O 11. Qd2 Nb4
12. Rac1 Bd7 13. Ne5 Bc6 14. Nxc6 bxc6 15. Bxf6 Bxf6 16. Ne4
Rb8 17. Rfd1 Be7 18. h3 Nd5 19. Nc5 Bxc5 20. dxc5 Qf6 21. b3
h6 22. Qe2 Rfd8 23. Qg4 Nf4 24. Qf3 Nd5 25. Bxd5 Rxd5 26. Qxf6
Rxd1+ 27. Rxd1 gxf6 28. Rd6 Rxb3 29. Rxc6 Rc3 30. a5 Kg7
31. a6 Ra3 32. g3 f5 33. h4 Kf6 34. Kg2 Ke5 35. Rc7 Rxa6
36. Rxf7 Kd5 37. Rc7 Ra2 38. h5 a5 39. c6 Kd6 40. Rc8 a4
41. Kf3 Ra1 42. Kf4 a3 43. f3 a2 44. c7 Kd7 45. Ra8 Kxc7
46. Ra7+ Kd6 47. Ra6+ Ke7 48. Ra8 Kf7 49. Ra6 Kf6 50. g4 fxg4
51. Ra8 gxf3 0-1

[Event "World Blitz Championship (Women)"]
[Site "Riyadh KSA"]
[Date "2017.12.30"]
[EventDate "2017.12.29"]
[Round "21.16"]
[Result "1-0"]
[White "Shen Yang"]
[Black "Huang Qian"]
[WhiteElo "2465"]
[BlackElo "2438"]
[PlyCount "45"]

1. e4 e6 2. d4 d6 3. Nf3 c5 4. c4 Nc6 5. Nc3 Nf6 6. Be2 Be7
7. O-O O-O 8. d5 exd5 9. cxd5 Nb8 10. Nd2 Re8 11. a4 Bf8
12. Re1 Nbd7 13. Ra3 a6 14. a5 b5 15. axb6 Nxb6 16. Bf1 h6
17. Nb3 Bb7 18. Na5 Rb8 19. Bxa6 Ba8 20. Nc6 Bxc6 21. dxc6 d5
22. Bf4 d4 23. c7 1-0